Pokemon Type Acier - Aléatoire - Statistiques

Statistiques générales
  • Ce quiz a été pris 17 fois
  • Le résultat moyen est 20 sur 25
Statistiques - réponses
Par images Réponse % Correct
Airmure
100%
Arceus (Plaque Fer)
100%
Bastiodon
100%
Charibari
100%
Cheniselle (Cape Déchet)
100%
Cizayox
100%
Clic
100%
Cliticlic
100%
Dimoclès
100%
Dinoclier
100%
Ferdeter
100%
Foretress
100%
Grindur
100%
Jirachi
100%
Katagami
100%
Limonde de Galar
100%
Lucario
100%
Magearna
100%
Magnéti
100%
Magnéton
100%
Magnézone
100%
Méga-Cizayox
100%
Méga-Galeking
100%
Méga-Lucario
100%
Méga-Métalosse
100%
Meltan
100%
Métang
100%
Miaouss de Galar
100%
Monorpale
100%
Pingoléon
100%
Roue-de-Fer
100%
Sabelette d'Alola
100%
Scalproie
100%
Solgaleo
100%
Terhal
100%
Togedemaru
100%
Triopikeur d'Alola
100%
Trousselin
100%
Gromago
83%
Archéomire
80%
Fermite
80%
Galegon
80%
Heatran
80%
Minotaupe
80%
Sablaireau d'Alola
80%
Forgella
75%
Galekid
75%
Galeking
75%
Melmetal
75%
Mysdibule
75%
Registeel
75%
Scalpereur
75%
Tarinorme
75%
Tic
75%
Vrombi
75%
Ama-Ama
67%
Archéodong
67%
Chef-de-Fer
67%
Cobaltium
67%
Corvaillus
67%
Métalosse
67%
Scalpion
67%
Silvallié (ROM Acier)
67%
Steelix
67%
Zamazenta (Bouclier Suprême)
67%
Necrozma (Crinière du Couchant)
60%
Dialga
50%
Forgelina
50%
Genesect
50%
Méga-Mysdibule
50%
Pondralugon
50%
Bamboiselle
33%
Forgerette
33%
Vrombotor
33%
Berserkatt
0%
Colimucus de Hisui
0%
Duralugon
0%
Exagide
0%
Lançargot
0%
Méga-Steelix
0%
Muplodocus de Hisui
0%
Noacier
0%
Pachyradjah
0%
Taupiqueur d'Alola
0%
Zacian (Epée Suprême)
0%
Aucun quiz correspondant
Distribution des résultats
% des personnes avec chaque résultat
Percentile par nombre de réponses
Votre historique - résultats
Vous n’avez pas pris ce quiz